000 00881cam a2200265 a 4500
001 1596
005 20260310095037.0
020 _a0439321719
020 _a9780545292511
040 _aDLC
_cDLC
_dDLC
_beng
050 0 0 _aPZ7.S52865
_bDav 1999
082 0 0 _a813.54
_221
100 1 _aShannon, David
_d1959-
245 1 0 _aDavid goes to school /
_cby David Shannon.
260 _aNew York :
_bScholastic,
_c1999
300 _a30 unnumbered pages :
_bColor illustrations ;
_c30 cm
505 _aE
520 _aDavid's activities in school include chewing gum, talking out of turn, and engaging in a food fight, causing his teacher to say over and over, "No, David!"
521 _a210
_bLexile
521 _aE
_bRaz-Plus
650 1 _aBehavior
_xFiction.
650 1 _aSchools
_xFiction.
906 _a7
_bcbc
_corignew
_d1
_eocip
_f19
_gy-gencatlg
942 _2ddc
_cBK
_n0
999 _c1596
_d1596